Quiz do Benim - Statistics

Estatísticas Gerais
  • Esse quiz foi jogado 453 vezes
  • A pontuação média é 10 de 17
Estatísticas das Respostas
Dica Resposta % Correto
Língua oficial Francês
91%
Países fazendo fronteira com o Benim Níger
90%
Países fazendo fronteira com o Benim Togo
90%
Países fazendo fronteira com o Benim Nigéria
88%
Países fazendo fronteira com o Benim Burkina Faso
82%
Ideologia do governo do Benim entre 1975 e 1990 {Comun}ismo
80%
Golfo onde o Benim fica Golfo da {Guiné}
75%
Capital oficial Porto-Novo
68%
Sede do governo e maior cidade Cotonou
59%
Moeda oficial Franco CFA
56%
Línguas nativas mais faladas Iorubá
37%
Religião praticada por 11,6% da população do Benim, a maior de qualquer país Vodum
37%
Antigo nome do Benim Daomé
34%
Produto cultivado que corresponde por 40% das exportações Algodão
33%
Ator beninense-americano que estrelou em "Diamante de Sangue" e "Gladiador" Djimon Hounsou
24%
Terceira maior cidade Parakou
18%
Línguas nativas mais faladas Fom
17%
Nenhum quiz correspondente encontrado
Distribuição das Pontuações
Porcentagem de Pessoas com Cada Pontuação
Percentil de Números Respondidos
Sua Pontuação Histórica
Você não jogou esse quiz